| 000 | 00895cab a22002175a 4500 | ||
|---|---|---|---|
| 001 | L146733 | ||
| 008 | 090220e20090126xxkad f s 000 0 eng d | ||
| 035 | _a(Sirsi) u146733 | ||
| 041 | 0 | _aeng | |
| 245 | 0 | 0 |
_aFurniture prices static while other markets fall _h[electronic resource] |
| 260 | _c2009 | ||
| 490 | 0 |
_aAntiques Trade Gazette _v26 January 2009 |
|
| 520 | _aReports that the Antiques Collectors' Club's annual Antique Furniture Index for 2008 fell slightly by one percent, which was not bad in a year when so many economic investments performed poorly. | ||
| 590 | _aKA | ||
| 650 | 2 | 4 | _aANTIQUE COLLECTORS' CLUB ANNUAL ANTIQUE FURNITURE INDEX |
| 650 | 2 | 4 | _aANTIQUES TRADE GAZETTE |
| 651 | 4 |
_aUnited Kingdom _y |
|
| 690 |
_aArts and antiques _96217 |
||
| 856 | 4 | 0 |
_uhttps://www.antiquestradegazette.com/news/7026.aspx _zView the item at www.antiquestradegazette.com... |
| 942 | _n0 | ||
| 999 |
_c81269 _d81269 |
||